书目信息 |
| 题名: |
2018中国年度作品
|
|
| 作者: | 冰峰 主编 ;作家网 选编 | |
| 分册: | 微型小说 | |
| 出版信息: | 北京 现代出版社 2019 |
|
| 页数: | 262页 | |
| 开本: | 23cm | |
| 丛书名: | ||
| 单 册: | ||
| 中图分类: | I217.61 , I247.82 | |
| 科图分类: | ||
| 主题词: | 中国文学--当代文学--选集 , 小小说--小说集--中国--当代 | |
| 电子资源: | ||
| ISBN: | 978-7-5143-7532-9 | |
| 000 | 00901nam0 2200253 450 | |
| 001 | 2362767082 | |
| 005 | 20230923172626.68 | |
| 010 | @a978-7-5143-7532-9@dCNY38.00 | |
| 100 | @a20190406d2019 em y0chiy50 ea | |
| 101 | 0 | @achi |
| 102 | @aCN@b110000 | |
| 105 | @ay z 000ay | |
| 200 | 1 | @a2018中国年度作品@A2018 zhong guo nian du zuo pin@i微型小说@f冰峰主编@g作家网选编 |
| 210 | @a北京@c现代出版社@d2019 | |
| 215 | @a262页@d23cm | |
| 330 | @a本书收录的作品有:家规;背影;左岸右岸;最后一枚银币;跌落的云;兴安生死恋;憨豆;聪明的二姑娘;走眼;隔壁;关关雎鸠;1973年的槽子糕;表姐;儿子的鹦鹉;精神病药;末日选择等。 | |
| 606 | 0 | @a中国文学@x当代文学@j选集 |
| 606 | 0 | @a小小说@x小说集@y中国@z当代 |
| 690 | @aI217.61@v5 | |
| 690 | @aI247.82@v5 | |
| 701 | 0 | @a冰峰@Abing feng@4主编 |
| 712 | 02 | @a作家网@Azuo jia wang@4选编 |
| 801 | 0 | @aCN@b安徽时代@c20230923 |
| 905 | @aBZT@dI217.61@e81:4 | |
| 2018中国年度作品.微型小说/冰峰主编/作家网选编.-北京:现代出版社,2019 |
| 262页;23cm |
| ISBN 978-7-5143-7532-9:CNY38.00 |
| 本书收录的作品有:家规;背影;左岸右岸;最后一枚银币;跌落的云;兴安生死恋;憨豆;聪明的二姑娘;走眼;隔壁;关关雎鸠;1973年的槽子糕;表姐;儿子的鹦鹉;精神病药;末日选择等。 |
| ● |
| 相关链接 |
|
|
|
正题名:2018中国年度作品
索取号:I217.61/81:4
 
预约/预借
| 序号 | 登录号 | 条形码 | 馆藏地/架位号 | 状态 | 备注 |
| 1 | 2000918665 | 2000918665 | 第四书库/四11架B面7层2列/ [索取号:I217.61/81:4] | 在馆 | |
| 2 | 2000918666 | 2000918666 | 第四书库/四11架B面7层2列/ [索取号:I217.61/81:4] | 在馆 | |
| 3 | 2000918667 | 2000918667 | 第四书库/四11架B面7层2列/ [索取号:I217.61/81:4] | 在馆 | |
| 4 | 2000918668 | 2000918668 | 第四书库/四11架B面7层2列/ [索取号:I217.61/81:4] | 在馆 | |
| 5 | 2000918669 | 2000918669 | 第四书库/四11架B面7层2列/ [索取号:I217.61/81:4] | 在馆 | |
| 6 | 2000918670 | 2000918670 | 第四书库/四11架B面7层2列/ [索取号:I217.61/81:4] | 在馆 |